El tren de los huérfanos / (Registro nro. 3453)
[ vista simple ]
| 000 -LEADER | |
|---|---|
| fixed length control field | 01510nam a2200289Ia 4500 |
| 003 - CONTROL NUMBER IDENTIFIER | |
| control field | OSt |
| 005 - DATE AND TIME OF LATEST TRANSACTION | |
| control field | 20250415154425.0 |
| 008 - FIXED-LENGTH DATA ELEMENTS--GENERAL INFORMATION | |
| fixed length control field | 191128s2015 sp ao er 000 f spa d |
| 020 ## - INTERNATIONAL STANDARD BOOK NUMBER | |
| International Standard Book Number | 9786074808216 |
| 040 ## - CATALOGING SOURCE | |
| Original cataloging agency | CO-JMCR |
| Transcribing agency | CO-JMCR |
| 041 1# - LANGUAGE CODE | |
| Language code of text/sound track or separate title | spa |
| Language code of original | eng |
| 082 04 - DEWEY DECIMAL CLASSIFICATION NUMBER | |
| Classification number | A-N |
| Edition number | KLIt |
| 100 1# - MAIN ENTRY--PERSONAL NAME | |
| Personal name | Kline, Christina Baker, autora |
| 9 (RLIN) | 1352 |
| 245 13 - TITLE STATEMENT | |
| Title | El tren de los huérfanos / |
| Statement of responsibility, etc. | Christina Baker Kline ; traducción de Javier Guerrero |
| 250 ## - EDITION STATEMENT | |
| Edition statement | 1a. edición |
| 260 ## - PUBLICATION, DISTRIBUTION, ETC. | |
| Place of publication, distribution, etc. | Barcelona : |
| Name of publisher, distributor, etc. | Ediciones B, |
| Date of publication, distribution, etc. | 2015 |
| 300 ## - PHYSICAL DESCRIPTION | |
| Extent | 357 páginas : |
| Other physical details | fotografías a blanco y negro ; |
| Dimensions | 23 cm. |
| 500 ## - GENERAL NOTE | |
| General note | Incluye datos biográficos de la autora en solapa. |
| 500 ## - GENERAL NOTE | |
| General note | Título original: Orphan train |
| 520 ## - SUMMARY, ETC. | |
| Summary, etc. | Para evitar ser enviada a un centro de menores, Molly Ayer, de diecisiete años, se ve obligada a ayudar a una mujer de noventa a ordenar su desván. Al principio la tarea le resulta algo fastidiosa, pero a medida que revisa con Vivian Daly sus recuerdos y posesiones, descubre que ella y la anciana no son tan diferentes. Desplazándose entre el Maine contemporáneo y la Minnesota de los tiempos de la Gran Depresión, El tren de los huérfanos es una novela inspirada en hechos reales que nos habla de pérdidas, de segundas oportunidades y de amistad inesperada |
| 546 ## - LANGUAGE NOTE | |
| Language note | Traducido del inglés |
| 650 14 - SUBJECT ADDED ENTRY--TOPICAL TERM | |
| Topical term or geographic name entry element | Novela inglesa |
| 9 (RLIN) | 193 |
| 650 14 - SUBJECT ADDED ENTRY--TOPICAL TERM | |
| Topical term or geographic name entry element | Orfanato |
| General subdivision | novela |
| 9 (RLIN) | 1353 |
| 650 14 - SUBJECT ADDED ENTRY--TOPICAL TERM | |
| Topical term or geographic name entry element | Niños abandonados |
| General subdivision | novela |
| 9 (RLIN) | 1354 |
| 700 1# - ADDED ENTRY--PERSONAL NAME | |
| Personal name | Guerrero, Javier, |
| Relator term | traductor |
| 9 (RLIN) | 1355 |
| 942 ## - ADDED ENTRY ELEMENTS (KOHA) | |
| Source of classification or shelving scheme | Dewey Decimal Classification |
| Koha item type | Books |
| Withdrawn status | Lost status | Source of classification or shelving scheme | Damaged status | Not for loan | Collection code | Home library | Current library | Date acquired | Source of acquisition | Cost, normal purchase price | Total Checkouts | Total Renewals | Full call number | Barcode | Date last seen | Date last checked out | Copy number | Price effective from | Koha item type |
|---|---|---|---|---|---|---|---|---|---|---|---|---|---|---|---|---|---|---|---|
| Dewey Decimal Classification | Fiction | Biblioteca Pública José María del Castillo y Rada | Biblioteca Pública José María del Castillo y Rada | 06/14/2018 | Donación | 0.00 | 8 | 3 | A-N KLIt | 201811811 | 04/01/2025 | 03/17/2025 | Ej.1 | 11/28/2019 | Books |